Ekonomický dopad HC SLOVAN v KHL na Bratislavu bakalárska práca

Uložené v:
Podrobná bibliografia
Hlavný autor: Bartalos, Zsolt
Korporativný autor: Národohospodárska fakulta EU. Katedra verejnej správy a regionálneho rozvoja
Ďalší autori: Sekelský, Lukáš
Médium: Kniha
Jazyk:Slovak
Vydavateľské údaje: Bratislava 2015
Tagy: Pridať tag
Žiadne tagy, Buďte prvý, kto otaguje tento záznam!

MARC

LEADER 00000nbm a2200000 4500
001 0204956
005 20161212094836.8
041 0 |a slo 
044 |a SK 
245 1 0 |a Ekonomický dopad HC SLOVAN v KHL na Bratislavu  |b bakalárska práca  |c Zsolt Bartalos ; školiteľ: Lukáš Sekelský 
264 1 |a Bratislava  |c 2015 
300 |a 42 s. 
100 1 |a Bartalos, Zsolt 
700 1 |a Sekelský, Lukáš 
710 2 |a Národohospodárska fakulta EU. Katedra verejnej správy a regionálneho rozvoja